书目信息 |
| 题名: |
NBA篮球训练法
|
|
| 作者: | 艾克 著 ;高博 译 | |
| 分册: | ||
| 出版信息: | 北京 化学工业出版社 2013 |
|
| 页数: | 206页 | |
| 开本: | 24cm | |
| 丛书名: | ||
| 单 册: | ||
| 中图分类: | G841.2 | |
| 科图分类: | ||
| 主题词: | 篮球运动--运动训练法 , 篮球运动 , 运动训练法 | |
| 电子资源: | ||
| ISBN: | 978-7-122-16978-5 | |
| 000 | 01016nam0 2200265 450 | |
| 001 | 2136010031 | |
| 005 | 20210104100032.97 | |
| 010 | @a978-7-122-16978-5@dCNY48.00 | |
| 100 | @a20130903d2013 em y0chiy50 ea | |
| 101 | 1 | @achi@ceng |
| 102 | @aCN@b110000 | |
| 105 | @aa z 000yy | |
| 200 | 1 | @aNBA篮球训练法@9NBA lan qiu xun lian fa@b专著@fRon Ekker著@g高博译 |
| 210 | @a北京@c化学工业出版社@d2013 | |
| 215 | @a206页@c图,照片@d24cm@e1光盘 | |
| 307 | @a附光盘:ISBN 978-7-89472-729-9 | |
| 330 | @a本书分为2部分共27章,内容包括:中国式的篮球训练、东莞篮球学校、Monk体系的科学性、训练体系的重要性、Monk体系、Monk体系的历史渊源、教练即老师、专有术语、Monk进攻、Monk进攻原则、Monk进攻的教学理念、Monk进攻教学、Monk进攻的球队练习、Monk进攻的技术练习等。 | |
| 606 | 0 | @a篮球运动@x运动训练法 |
| 606 | 0 | @a篮球运动 |
| 606 | 0 | @a运动训练法 |
| 690 | @aG841.2@v5 | |
| 701 | 0 | @c(美)@a艾克@9ai ke@c(Ekker, Ron)@4著 |
| 702 | 0 | @a高博@9gao bo@4译 |
| 801 | 2 | @aCN@b58marc.cn@c20150101 |
| 905 | @aMUSE@dG841.2@e63 | |
| NBA篮球训练法/Ron Ekker著/高博译.-北京:化学工业出版社,2013 |
| 206页:图,照片;24cm+1光盘 |
| ISBN 978-7-122-16978-5:CNY48.00 |
| 本书分为2部分共27章,内容包括:中国式的篮球训练、东莞篮球学校、Monk体系的科学性、训练体系的重要性、Monk体系、Monk体系的历史渊源、教练即老师、专有术语、Monk进攻、Monk进攻原则、Monk进攻的教学理念、Monk进攻教学、Monk进攻的球队练习、Monk进攻的技术练习等。 |
| ● |
| 相关链接 |
|
|
|
正题名:NBA篮球训练法
索取号:G841.2/63
 
预约/预借
| 序号 | 登录号 | 条形码 | 馆藏地/架位号 | 状态 | 备注 |
| 1 | 2000878022 | 2000878022 | 第二书库/ [索取号:G841.2/63] | 在馆 | |
| 2 | 2000878023 | 2000878023 | 第二书库/ [索取号:G841.2/63] | 在馆 | |
| 3 | 2000878024 | 2000878024 | 第二书库/ [索取号:G841.2/63] | 在馆 |